| 000 | 00327nam a2200121Ia 4500 | ||
|---|---|---|---|
| 008 | 210430s9999 xx 000 0 und d | ||
| 082 | _a543.8 S9711T | ||
| 100 |
_aSwalin Richard A. _954945 |
||
| 245 |
_aThermodynamics Of Solids _cSwalin Richard A. |
||
| 260 |
_bJohn Willey & Sons _c1962 |
||
| 300 | _a387p. | ||
| 942 |
_cBK _2ddc |
||
| 999 |
_c565860 _d565860 |
||